| 000 | 00689nam a2200205 u 4500 | ||
|---|---|---|---|
| 005 | 20240924071538.0 | ||
| 008 | 080226s2010 mx r 000 0 spa d | ||
| 020 | _a9786074012231 | ||
| 035 | _aUPN01000178875 | ||
| 049 | _aCG | ||
| 050 | 4 |
_aLB1707 _bV5.3 |
|
| 100 | 1 | _aVillanueva Gutiérrez, Oscar Eligio | |
| 245 | 1 | 0 |
_aDe estudiantes a profesores : _btransiciones y dilemas en la incorporación profesional / _cOscar Eligio Villanueva Gutiérrez. |
| 260 |
_aMéxico : _bMiguel Angel Porrúa, _c2010. |
||
| 300 | _a315 p. | ||
| 440 | 0 | _aProblemas educativos de México | |
| 650 | 4 |
_aMaestros _xFormación profesional _9804 |
|
| 650 | 2 |
_aCapacitación docente _95701 |
|
| 905 | _aLibro | ||
| 999 |
_c150978 _d150978 |
||